[Event "Tata Steel Masters"]
[Site "?"]
[Date "2017.01.17"]
[Round "4.5"]
[White "Adhiban, Baskaran"]
[Black "Eljanov, Pavel"]
[Result "0-1"]
[WhiteElo "2653"]
[BlackElo "2755"]
[EventDate "2017.??.??"]
[Annotator "Bojkov,Dejan"]
[PlyCount "112"]
[Beauty "6598143525896"]
[EventType "team-tourn"]
[WhiteClock "0:35:42"]
[BlackClock "0:03:58"]

1.d4 {Adhiban generally prefers the open games, but for today he chose the queen pawn advance.} 1...Nf6 2.c4 e6 3.Nf3 b6 4.a3 {The Petrosian system of the QID.} 4...Bb7 5.Nc3 d5 {So far the Indian GM had only two games against:} ( 5...g6 6.Qc2 d5 7.cxd5 exd5 8.Bg5 Bg7 {Adhiban,B (2689)-Iturrizaga Bonelli,E (2658) Atlantic City 2016} ) 6.Qc2 {Strangely, this is already a new position for both players. Eljanov had previously faced} ( 6.cxd5 {also in two games.} 6...Nxd5 {Please not that the game Thorfinnsson-Volke, Kallithea 2008 mentioned below saw this move order:} 7.Bd2 Be7 8.Qc2 O-O 9.Rd1 c5 {which transposed into our game.} ) 6...c5 7.cxd5 Nxd5 8.dxc5 {This is only seemingly calm continuation. Sharper looks} ( 8.e4 Nxc3 9.bxc3 Nd7 ( {Another possibility is} 9...Nc6 10.Bd3 Rc8 11.Qe2 cxd4 12.cxd4 {as in Kryakvin,D (2573)-Savchenko, B (2616) Olginka 2011 Now something normal like} 12...Be7 ( {Or} 12...Bd6 {should be playable for Black.} ) ) 10.Bd3 Qc7 $1 {The sign given by Kasparov with the obvious intention to take on d4 and swap off the queens.} ) 8...Be7 $5 {Technically speaking, a novelty! Although the game transposed later into another one this pawn sacrifice has not been seen previously. Eljanov avoids:} ( 8...Bxc5 9.Bg5 Qc8 10.Rc1 {", when White holds the initiative (an example: Kasparov-van der Wiel, Amsterdam 1988)."- Kasparov.} ) 9.Bd2 {Adhiban decided not to accept the gift. The position after:} ( 9.cxb6 axb6 ( 9...Nxc3 {might be another try} 10.Qxc3 O-O 11.bxa7 ) 10.Bd2 O-O 11.e3 Nd7 {needs further tournament practice.} ) 9...O-O 10.Rd1 ( 10.cxb6 axb6 11.Rd1 Qc7 {with compensation for the pawn was still possible.} ) 10...bxc5 {The other capture is actually possible as well as after:} ( 10...Bxc5 11.Nxd5 Bxd5 ( 11...exd5 12.e3 ) 12.e4 {Black has the intermediate} 12...Qc8 $1 {with the idea:} ( {Rather than:} 12...Bb7 $6 13.b4 Be7 ( 13...Bd6 14.Bf4 ) 14.Bg5 Qe8 15.Qc7 {when Black is in big trouble.} ) 13.exd5 $4 Bxf2+ ) 11.e4 Nxc3 12.Bxc3 Qb6 {At the end of the day White managed to spoil the opponent's pawn structure and seems a bit better. Tournament practice had shown though that Black can hold these positions quite often.} 13.Ne5 Rd8 {Just this move is completely new. White got some advantage after} ( 13...Bf6 14.Nc4 Bxc3+ 15.Qxc3 {Thorfinnsson,B (2383)-Volke,K (2454) Kallithea 2008} ) 14.Rxd8+ Qxd8 15.Bb5 {Adhiban disrups the normal development of the black pieces, although} ( 15.Bc4 Nc6 16.Nxc6 Bxc6 17.O-O {was slightly better for him as well.} ) 15...a6 16.Ba4 Qc7 17.O-O Nc6 18.Nxc6 Bxc6 19.Rd1 ( {Trading more will make it easier for Black to hold:} 19.Bxc6 Qxc6 20.Rd1 c4 ) 19...Bb5 20.Bb3 h5 {A difficult move to explain. Perhaps Eljanov was worried about the queen appearing on g4?! Or he simply wanted to have the h5-h4 resource in the future?} ( 20...Rd8 {looks more conventional.} ) 21.g3 {Perhaps White should have tried to make use of the slight weakening on the kingside with:} ( 21.a4 Bc6 22.Qe2 $5 g6 23.Qe3 ) ( 21.Ba2 ) 21...Qb7 22.Ba2 Bc6 23.Bb1 Qb5 24.Qd2 ( {The battery is not particularly frightening} 24.e5 g6 {as White needs to close one bishop in order to open another.} ) 24...Rd8 {Finally, the rooks are traded. The game is heading to a draw, but no-one likes to make it yet.} 25.Qe1 h4 26.Rxd8+ Bxd8 27.Qd1 ( 27.Qd2 {to prevent the trade of the dark-squared bishop seemed better.} ) 27...Ba5 28.Bxa5 Qxa5 29.gxh4 c4 {Now it is completely equal, but...} 30.Qe2 $6 {...Adhiban makes an inaccuracy which Eljanov uses very well.} ( 30.Qc1 Qh5 31.h3 Qxh4 32.Qxc4 Qxh3 33.Qxc6 Qg4+ {with perpetual would be one way to finish the game peacefully.} ) 30...c3 $1 {This was Black's idea in general - to get rid of the isolated pawn. But here it comes with a bonus.} 31.bxc3 ( {I suspect that the Indian GM missed the little tactic} 31.Qe1 $4 c2 $1 {when Black wins.} ) 31...Qxa3 {Now Eljanov has a distant passer.} 32.Kg2 a5 33.Qc4 Qa4 $1 {The one who has a distant passer should try to trade everything and get into a pawn endgame (ideally).} 34.Qxa4 {I suspect that this is also inaccurate and that White had more chance of surviving after} ( 34.Qd4 Qxd4 35.cxd4 Ba4 36.Ba2 Bd1 37.Kf1 Bf3 38.d5 exd5 39.Bxd5 {although Black still has huge advantage.} ) 34...Bxa4 35.Ba2 {This stops the threat} ( 35.f4 Bb3 {followed by a5-a4-a3-a2.} ) 35...Bc2 36.Kf3 {Once again the only move as the king has to get into the square of the black pawn asap.} ( 36.h5 $2 a4 37.Kf3 Bb3 ) 36...e5 $1 {This fixes the e4-pawn on a light square and takes away the d4 one from the white king.} 37.Ke3 a4 38.Bd5 a3 39.Ba2 ( 39.Kd2 {drops the pawn at once} 39...Bxe4 40.Bxe4 $2 a2 ) 39...Kf8 {Black needs to activate the king in order to win. The other route neglects White's passer and leads only to a draw:} ( 39...Kh7 40.c4 Kg8 41.c5 Kf8 42.Kd2 Bxe4 43.Kc3 ) 40.f3 {Or else the e4 pawn will be always liability.} ( 40.c4 Ke7 41.Kd2 Bxe4 ) 40...Ke7 41.Kd2 Ba4 42.Kc1 {The distant passer had deflected the white pieces on the queenside. It is time to open second front.} ( {Or} 42.c4 Kd6 43.Kc3 ( 43.c5+ Kxc5 44.Bxf7 Kd4 ) 43...Kc5 {and Black wins.} ) 42...f5 $1 {The king needs in. Instead:} ( 42...f6 43.Bd5 Kd6 44.Kb1 Bd1 45.Ka2 Bxf3 46.Kxa3 {would be most likely a draw.} ) 43.exf5 ( {Or} 43.Kd2 f4 $1 {Fixes another weakness on f3.} 44.Kc1 Bb5 45.Kd2 ( 45.c4 Be8 46.c5 Bh5 {wins the pawn.} ) 45...Kd6 46.Bd5 Kc5 47.Ba2 Bc4 {White is helpless.} ) 43...Bc6 $1 {Once again, excellent technique. Black creates a passer as quick as he can. The alternative:} ( 43...Kf6 44.Bd5 Kxf5 45.Kb1 Kf4 46.Ka2 Bd1 47.Kxa3 Bxf3 48.Bxf3 Kxf3 49.c4 e4 50.c5 e3 51.c6 e2 52.c7 e1=Q 53.c8=Q {would have led to a draw.} ) 44.Kd2 {Similar was:} ( 44.Kb1 Bxf3 {and White cannot stop both the pawns.} ) 44...Bxf3 45.c4 Kf6 {Many roads lead to Rome.} ( 45...Kd6 $5 ) ( 45...Bg4 46.Kc3 Bxf5 47.Kb4 e4 48.Bb1 e3 ) 46.Ke3 {There is no time to take care of the a3 passer:} ( 46.Kc3 Bc6 47.Kb4 e4 ) 46...Bc6 47.Bb3 ( 47.c5 Kxf5 {is hopeless too.} ) 47...Kxf5 48.h3 Ke6 {The rest is easy, White cannot stop both the passers. They are too far away from each other.} 49.Ba2 Kd6 50.Kd3 Kc5 51.Kc3 e4 52.Bb3 Be8 53.Bd1 e3 54.Be2 Bf7 55.Kb3 {Allows pretty finish.} ( 55.h5 {would have lost to:} 55...a2 56.Kb2 Bxc4 57.Bg4 e2 ) 55...Bxc4+ 56.Bxc4 a2 0-1

[Event "Tata Steel Masters"]
[Site "?"]
[Date "2017.01.20"]
[Round "6.2"]
[White "Giri, Anish"]
[Black "Nepomniachtchi, Ian"]
[Result "1-0"]
[WhiteElo "2773"]
[BlackElo "2767"]
[EventDate "2017.??.??"]
[Annotator "Bojkov,Dejan"]
[PlyCount "65"]
[Beauty "8178041371655"]
[EventType "team-tourn"]
[WhiteClock "0:20:01"]
[BlackClock "0:33:39"]

1.e4 c5 2.Nf3 d6 3.d4 cxd4 4.Nxd4 Nf6 5.Nc3 a6 6.g3 {"Last time I played Ian I chose something forced in the Gruenfeld. Today I wanted something calmer with more pieces on the board." Giri} 6...e5 7.Nde2 Be7 8.Bg2 Nbd7 {"I spotted that he has a liking for the development of this knight on d7." Giri.} ( {A game that Giri mentioned later in his blitz live appearence went:} 8...O-O 9.O-O b5 10.Nd5 Nxd5 11.Qxd5 Ra7 12.Be3 Rb7 13.Qd3 Nd7 14.Nc3 Nf6 $6 15.Bg5 Be6 16.Bxf6 Bxf6 17.Nd5 Bg5 18.h4 Bh6 19.c3 {with a difficult position for Black. The opposite-colored bishop middlegame is bad for him, so is the position with knight versus a dark-squared bishop. And as a whole his dark-squared bishop is "empty."} 19...a5 20.a3 Qc8 21.b4 axb4 22.axb4 Qc6 23.Rfd1 g6 24.Ra3 Kg7 25.Qf3 f5 26.exf5 Bxf5 27.Qe2 Qc4 28.Qxc4 bxc4 29.Ra6 Rbf7 30.Rda1 Bc8 31.Ra7 Bb7 32.b5 Bd2 33.b6 Kh6 34.Rd1 Rxf2 35.Rxb7 Kh5 36.Nf4+ R8xf4 37.gxf4 Be3 38.Kh1 exf4 39.Rf1 Rb2 40.Rxh7+ Kg4 41.b7 d5 42.Rg7 d4 43.Rxg6+ Kxh4 44.Rf3 {1-0 (44) Adams,M (2745)-Bok,B (2594) Douglas 2016} ) 9.a4 b6 10.Nd5 Nxd5 11.Qxd5 Rb8 12.Nc3 O-O 13.O-O Bb7 ( {If Black want to insert his knight into the battle, this is a good moment} 13...Nf6 14.Qd3 h6 15.Nd1 b5 16.axb5 axb5 17.Ne3 Qb6 18.Bd2 {although White still looks somewhat better, Balogh,C (2657)-Areshchenko,A (2672) Mamaia 2015} ) 14.Qd1 {Giri also mentioned the possibility of a queenside fianchettoe after:} ( 14.Qd2 Rc8 ( {Or} 14...Nf6 15.b3 b5 16.axb5 axb5 17.Ba3 {with the clear intention to put a bishop on b4.} ) 15.b3 {I suspect he did not like this option because of:} 15...Nf6 16.Ba3 Qc7 {when Black seems fine.} ) 14...Rc8 {The most natural move.} ( 14...Bc6 {with the idea b6-b5 is another plan (Giri.)} ) ( {while} 14...Nf6 15.Bg5 {might lead to positions from the above-mentioned game Adams-Bok.} ) 15.Re1 {A logical novelty. White overprotects e4 and may play Re1-e2 in the future to saveguard the c2 pawn and prepare Nc3-d5. If the knight jumps succeeds, he needs to capture on d5 always with a piece.} ( {Another possiblity is:} 15.Qe2 Nf6 16.Bg5 Rc5 17.Rfd1 h6 18.Bxf6 Bxf6 19.h4 {as in Ivanov,A (2537)-Najer,E (2602) Moscow 2004} ) 15...h6 {Once again:} ( 15...Nf6 16.Bg5 h6 17.Bxf6 Bxf6 18.Re2 {will lead to a positionally favorable situation for White.} ) 16.Bh3 {A crafty move!} ( {Giri was not sure if his bishop is well placed after} 16.Be3 Nf6 ) ( {In the line} 16.Re2 Nf6 17.Qd3 Qc7 18.Bh3 {Black has} 18...Rcd8 {with the threat d6-d5. Thus, the Dutch GM decided to place the bishop on the h3-c8 diagonal at once.} ) 16...Rc6 $2 {Which Nepomniachtchi failed to appreciate!} ( {The utility of teh bishop is evident in case of} 16...Bc6 17.Nd5 Bxd5 18.Qxd5 Rxc2 19.Qd3 Qc7 $4 {simply drops a piece after} ( {Instead} 19...Rc7 20.Qxa6 {is clearly better for White.} ) 20.Bxd7 {(Giri.)} ) ( {While in case of} 16...Rc4 {Giri intended:} 17.Qe2 ( 17.Bxh6 gxh6 18.Qg4+ Bg5 19.Qxd7 Qxd7 20.Bxd7 Bd2 {is less appealing this time.} ) 17...b5 18.axb5 axb5 19.Ra7 {with strong queenside pressure. But this was Black's best chance.} ) 17.Bxh6 $1 {Snatches a pawn, but it is not yet over.} 17...gxh6 18.Qg4+ Bg5 19.Qxd7 Qxd7 20.Bxd7 Rc7 21.Bf5 Bd2 22.Red1 Bxc3 23.bxc3 {"He got lucky that he has this. Now both pawn structures are very weak, and there is a good chance that the queenside pawns diasappear and some four versus three pawns on the kingside draw happens. " Giri.} 23...Rd8 ( 23...Rc6 {with the idea to swap off the bishops at once was the other idea.} 24.Bd7 ( 24.Rd3 Bc8 ) 24...Rxc3 25.Rxd6 Bxe4 ) 24.Rab1 Rc6 25.f4 $1 {A strong tactical resource which causes more problem to Black.} 25...exf4 26.e5 Bc8 $1 {The best defense.} ( {The straightforward} 26...fxg3 27.Be4 gxh2+ 28.Kxh2 Rc7 ( 28...d5 29.Bxd5 {wins the exchange} 29...Rc7 30.Bxf7+ ) 29.exd6 Rcd7 {is indeed a lost endgame after} ( {But Black has chances to survive after} 29...Rxd6 $1 30.Rxd6 Bxe4 31.Rbxb6 Rxc3 ) 30.Bxb7 Rxb7 31.c4 Rc8 32.c5 $1 {(Giri.)} ) ( 26...Rc5 {was another option when} 27.gxf4 b5 28.axb5 axb5 {When a lot of moves secure White nice advantage, but he is not yet there} 29.c4 ( {Or} 29.Bd3 {(Giri.)} ) ( {And also} 29.Rb4 ) 29...Rxc4 30.Rxd6 ) 27.Be4 Rxc3 {One more important subtlety is:} ( 27...Rc4 28.Rb4 Rxb4 29.cxb4 Re8 30.Rxd6 Rxe5 31.Bd3 {when Black loses the queenside (Giri.)} ) 28.Rxd6 Rxd6 {Better than:} ( 28...Rf8 29.gxf4 Rc4 30.Re1 {when White is most likely winning thanks to the domination.} ) 29.exd6 Rc4 {Not yet losing but perhaps:} ( 29...fxg3 {was the way to play it. Both the opponents obviously came to the position after} 30.Rxb6 gxh2+ 31.Kxh2 Kf8 32.Rc6 ( {Giri disliked} 32.Bc6 {due to the many checks which force the white king to step on the "d" file} 32...Rxc2+ 33.Kg3 Rc3+ 34.Kf4 Rc4+ 35.Ke3 Rc3+ 36.Kd4 {when} 36...Rc1 {does not allow a chance to White to push the pawn} 37.d7 $2 ( {Or} 37.Rb8 $2 Rxc6 38.d7 Rd6+ ) 37...Bxd7 38.Bxd7 Rd1+ ) 32...Rxc6 33.Bxc6 Be6 34.a5 {Now it seems as the active king should do the job but Black can aslo bring his one into the action with} 34...f6 35.Kg3 Kf7 36.Kf4 h5 37.Bf3 Ke8 38.Bxh5+ Kd7 39.Be2 Kxd6 40.Bxa6 Kc5 {When Black should hold. This is only an examplary line, but it comes to show that Black resources are not yet over.} ) 30.Bd3 Rc6 ( {It is also unclear if Black can survive after} 30...Rxa4 31.Rxb6 Kg7 ) 31.Rd1 Kf8 $2 {After this second blunder Giri finishes the game nicely.} ( 31...fxg3 32.Bxa6 gxh2+ 33.Kh1 Rxc2 34.d7 Bxd7 35.Rxd7 {looks like a win for White but there is still a ton of technical work to do.} ) ( {The best defense was:} 31...Bd7 32.Bxa6 Rxc2 33.gxf4 ( {And now} 33.Bb5 $1 {keeps the extra pawn and good winning chances after} 33...Bxb5 34.axb5 Rc8 35.gxf4 Kf8 {but it might well be a draw too.} ) 33...Kf8 {with good chances for successful defense.} ) 32.Bxa6 $1 {White ins the bishop and the game.} 32...fxg3 ( 32...Bxa6 33.d7 ) 33.hxg3 ( 33.hxg3 Bd7 ( 33...Be6 34.d7 ) 34.Bb5 ) 1-0

[Event "Tata Steel Masters"]
[Site "?"]
[Date "2017.01.21"]
[Round "7.3"]
[White "Wei, Yi"]
[Black "Van Wely, Loek"]
[Result "1-0"]
[WhiteElo "2706"]
[BlackElo "2695"]
[EventDate "2017.??.??"]
[Annotator "Bojkov,Dejan"]
[PlyCount "105"]
[Beauty "6805375695400"]
[EventType "team-tourn"]
[WhiteClock "1:43:44"]
[BlackClock "0:15:57"]

1.e4 c5 2.Nf3 d6 3.d4 cxd4 4.Nxd4 Nf6 5.Nc3 a6 6.Bg5 Nbd7 7.Bc4 Qb6 8.O-O ( {The alternative is} 8.Bb3 e6 9.Qd2 Be7 10.O-O-O Nc5 11.Rhe1 h6 12.Bh4 O-O {as in Dominguez Perez,L (2739)-Wojtaszek,R (2749) Doha 2016} ) 8...Qc5 9.Bd5 e6 10.Re1 Be7 ( {In one game Black dared to accept the sacrificed piece and even survived after} 10...exd5 11.exd5+ Kd8 12.Ne4 Qb6 13.a4 h6 14.a5 Qc7 15.Qh5 {but it is highly not recommened to get into this without hours of silicon efforts, Ulanowski,K (2141)-Mucha,P (2102) Karpacz 2015} ) 11.Be3 Qa5 12.Bxe6 {The sacrifice on e6 is the key theme in the Sozin attack. This is why the bishop gets on the a2-g8 diagonal. Either to use it positionally after f2-f4-f5, or brutally like this.} 12...fxe6 13.Nxe6 {Obviously surprised with the line Van Wely sank into deep thought. After fifty minutes he came up with a novelty:} 13...Nc5 {Which most likely will not become fashionable.} ( {The only move seen so far is:} 13...Kf7 {when after} 14.Ng5+ Ke8 15.Nd5 Nxd5 16.exd5 Ne5 17.Bf4 {White seems to have serious initiative as in Adhiban,B (2610)-Swiercz,D (2617) Biel 2014} ) 14.b4 $1 {Very energetic! Wei opens the game in his favor.} ( 14.Nxg7+ $5 {looks also great with the idea} 14...Kf7 15.Nd5 Nxd5 ( 15...Kxg7 16.Nxe7 {leaves Black struggling on the dark squares.} ) 16.Qh5+ $1 {and Black cannot survive the attack after} 16...Kxg7 17.Bh6+ Kf6 18.exd5 ) 14...Qxb4 15.Nc7+ Kd8 16.N3d5 $1 ( {In case of} 16.Nxa8 Qxc3 17.Bd4 Qc4 18.Nb6 Qb5 19.Rb1 Qc6 20.e5 {White wins material but loses part of the initiative. This is still better for him, but the game continuation looks much stronger.} ) 16...Nxd5 ( 16...Qa5 17.Nxa8 {is hopeless.} ) 17.Nxd5 Qa3 {Van Wely wants to protect the d6 pawn. The lines after the other reatreat are more than convincing:} ( 17...Qa5 18.e5 Be6 ( 18...Bd7 19.Nxe7 Kxe7 20.Qxd6+ ) 19.exd6 Bxd6 20.Bxc5 Qxc5 21.Rxe6 {in both cases White crashes through the d-file.} ) 18.Nb6 {Not bad, but:} ( 18.e5 $1 {was still best. In the line:} 18...Ne6 19.exd6 Qxd6 20.Bb6+ Ke8 {White has the pretty shot} ( 20...Kd7 21.Qg4 {followed by Ra1-d1 leaves Black completely tied up.} ) 21.Nc7+ $1 {which wins the game.} ) 18...Rb8 19.Nc4 Qb4 20.Nxd6 {The point behind Wei's play. He still opens the king. But Van Wely has a trick in his sleeve.} 20...Nd3 $1 {The only chance.} ( 20...Kc7 21.Bf4 Ne6 22.Ne8+ Kb6 23.Rb1 {would lose the queen.} ) ( {While} 20...Bxd6 21.Qxd6+ Ke8 22.Bxc5 {does need comment.} ) 21.Qxd3 {After some thought White chooses the most practical decision.} 21...Qxd6 ( 21...Bxd6 22.a3 {would lose the bishop anyway. But with some extras.} ) 22.Qxd6+ Bxd6 23.Rad1 Kc7 24.Rxd6 $1 Kxd6 25.Bf4+ Ke6 26.Bxb8 Bd7 {Van Wely made it to an endgame. Still, two pawns down is not exactly the kind of play one is looking for. Black's last chance is the presence of the opposite-colored bishops on the board.} 27.Ba7 Rc8 28.Rc1 Rc4 29.f3 Ra4 30.Ra1 Rc4 {Short in time Black decided to repeat the position but this is inaccurate. Much more resilient was:} ( 30...g5 $1 {Intending to trade the kingside pawns. They are priority as in the possible pure opposite-colored bishop endgame Black does not need any of them.} ) 31.c3 b5 ( 31...Rxc3 32.Bd4 Rc7 33.Bxg7 {makes it easier for White as his pawn avalanche may never be blocked.} ) 32.a3 a5 {One more inaccuracy.} ( 32...g5 $5 {was possible.} ) 33.Bb6 Ra4 ( 33...a4 34.Bd4 {would secure the white pawns and set the rook free which is basically the end of Black's hopes.} ) 34.Bd4 g6 35.Kf2 g5 {At last, but it is too late.} ( 35...b4 36.cxb4 axb4 37.axb4 Rxb4 38.Ra6+ {is technically won for White.} ) 36.Ke3 Bc6 37.Kd2 {Intending to free the rook after Kd2-c2-b2.} 37...h5 ( {On} 37...g4 38.Ke3 {will leave the h-pawn alive.} ) 38.Kc2 b4 39.cxb4 axb4 40.axb4 Rxb4 41.Kc3 Ra4 42.Rxa4 Bxa4 {This particular endgame is not a draw.} 43.g3 h4 44.f4 ( {On} 44.gxh4 {Black can try} 44...Bd1 45.hxg5 Bxf3 46.Kd3 {although this should not help neither.} ) 44...gxf4 {Alas, Black cannot trade both the pawns and bring the bishop in front of the remaining e-and f-pair:} ( 44...hxg3 45.f5+ $1 ) 45.gxf4 h3 46.Kd2 Kd6 47.Ke3 {With the h-pawns still on the board Black cannot sacrifice the bishop for the e- and f-passers and Wei simply advances them into queens.} 47...Bc2 48.f5 Kc6 49.Kf4 Bd3 50.Bb2 Bc2 51.e5 Kd5 52.Kg5 Bd3 53.e6 1-0